| 000 | 00983pam a2200253 a 4500 | ||
|---|---|---|---|
| 001 | 2087206 | ||
| 005 | 20180202075410.0 | ||
| 008 | 950427s1995 caua b 001 0 eng | ||
| 010 | _a 95017689 | ||
| 020 | _a0890877734 | ||
| 040 |
_aDLC _cDLC _dDLC |
||
| 041 | _aeng | ||
| 080 | _a616.9..366 SUS | ||
| 082 | 0 | 0 |
_a616.9..366 SUS _220 |
| 100 | 1 | _a5 | |
| 101 | _aKAN | ||
| 240 | 1 | 0 | _aFibroid tumors & endometriosis self help book |
| 245 | 1 | 0 |
_aDr. Susan Lark's Fibroid tumors & endometriosis self help book : _cSusan Lark. |
| 246 | 3 | _aDoctor Susan Lark's Fibroid tumors and endometriosis self help book | |
| 504 | _aIncludes bibliographical references and index. | ||
| 906 |
_a7 _bcbc _corignew _d1 _eocip _f19 _gy-gencatlg |
||
| 942 |
_2ddc _cBK |
||
| 999 |
_c41665 _d41665 |
||